Every Song by Bullet for My Valentine - Statistics

General Stats
  • This quiz has been taken 35 times
  • The average score is 46 of 114
Answer Stats
Album Song % Correct
Temper Temper(2013) Temper Temper
95%
The Poison(2005) Tears Don't Fall
90%
Temper Temper(2013) Tears Don't Fall (Part 2)
90%
The Poison(2005) The Poison
90%
Gravity(2018) Gravity
86%
Scream Aim Fire(2008) Scream Aim Fire
86%
Venom(2015) V
86%
Venom(2015) Venom
86%
Fever(2010) Fever
81%
Bullet for My Valentine(2004) Hand of Blood
81%
Don't Walk Away(2003) You
81%
The Poison(2005) All These Things I Hate (Revolve Around Me)
76%
Scream Aim Fire(2008) Waking the Demon
76%
The Poison(2005) 4 Words (To Choke Upon)
71%
Fever(2010) Your Betrayal
71%
Bullet for My Valentine(2021) Parasite
67%
The Poison(2005) Suffocating Under Words of Sorrow (What Can I Do)
67%
Fever(2010) Alone
62%
Venom(2015) No Way Out
62%
Gravity(2018) Don't Need You
62%
The Poison(2005) Intro
62%
Bullet for My Valentine(2021) Knives
62%
Temper Temper(2013) P.O.W.
62%
Venom(2015) You Want a Battle? (Here's a War)
62%
The Poison(2005) 10 Years Today
57%
The Poison(2005) Room 409
57%
The Poison(2005) Cries in Vain
52%
The Poison(2005) Her Voice Resides
52%
Fever(2010) The Last Fight
52%
Fever(2010) A Place Where You Belong
48%
Gravity(2018) Breaking Out
48%
Bullet for My Valentine(2021) Death by a Thousand Cuts
48%
The Poison(2005) Hit the Floor
48%
Gravity(2018) Leap of Faith
48%
Gravity(2018) Over It
48%
Venom(Bonus)(2015) Raising Hell
48%
Temper Temper(2013) Riot
48%
Bullet for My Valentine(2021) Shatter
48%
Venom(2015) Army of Noise
43%
Scream Aim Fire(Bonus)(2008) Ashes of the Innocent
43%
Bullet for My Valentine(2021) Bastards
43%
Fever(2010) Begging for Mercy
43%
Temper Temper(2013) Breaking Point
43%
Bullet for My Valentine(2021) Can't Escape the Waves
43%
Scream Aim Fire(2008) Deliver Us from Evil
43%
Scream Aim Fire(2008) Hearts Burst into Fire
43%
Venom(2015) Hell or High Water
43%
Gravity(2018) Letting You Go
43%
Gravity(2018) Not Dead Yet
43%
Venom(2015) Pariah
43%
Fever(2010) Pleasure and Pain
43%
Fever(2010) Pretty on the Outside
43%
Venom(2015) Skin
43%
The Poison(2005) The End
43%
Venom(2015) Worthless
43%
Fever(2010) Breaking Out, Breaking Down
38%
Temper Temper(2013) Dead to the World
38%
Scream Aim Fire(2008) Eye of the Storm
38%
Bullet for My Valentine(2021) My Reverie
38%
Bullet for My Valentine(2021) Paralysed
38%
Bullet for My Valentine(2021) Rainbow Veins
38%
Scream Aim Fire(Bonus)(2008) Road to Nowhere
38%
Scream Aim Fire(2008) Say Goodnight
38%
The Poison(2005) | The Poison(Bonus)(2005) Spit You Out
38%
Venom(2015) The Harder the Heart (The Harder It Breaks)
38%
Gravity(2018) Under Again
38%
Scream Aim Fire(Bonus)(2008) Watching Us Die Tonight
38%
Fever(2010) Bittersweet Memories
33%
Gravity(2018) Breathe Underwater
33%
Venom(2015) Broken
33%
Gravity(2018) Coma
33%
Fever(2010) Dignity
33%
Scream Aim Fire(2008) Disappear
33%
Temper Temper(2013) Leech
33%
Temper Temper(2013) Livin' Life (On the Edge of a Knife)
33%
Venom(Bonus)(2015) Run for Your Life
33%
The Poison(Bonus)(2005) My Fist, Your Mouth, Her Scars
29%
Bullet for My Valentine(2021) No Happy Ever After
29%
Bullet for My Valentine(Bonus)(2022) No More Tears to Cry
29%
Bullet for My Valentine(Bonus)(2022) Omen
29%
Gravity(2018) Piece of Me
29%
Venom(Bonus)(2015) Playing God
29%
Scream Aim Fire(2008) Take It Out on Me
29%
Temper Temper(2013) Truth Hurts
29%
Temper Temper(2013) Dirty Little Secret
24%
Don't Walk Away(2003) Don't Walk Away
24%
Scream Aim Fire(2008) End of Days
24%
Scream Aim Fire(2008) Forever and Always
24%
Temper Temper(2013) Saints & Sinners
24%
Gravity(2018) The Very Last Time
24%
Bullet for My Valentine(Bonus)(2022) This Means War
24%
Bullet for My Valentine(2004) Just Another Star
19%
Scream Aim Fire(2008) Last to Know
19%
Scream Aim Fire(Bonus)(2008) One Good Reason Why
19%
The Poison(Bonus)(2005) 7 Days
14%
Gravity(2018) Crawling
14%
Venom(Bonus)(2015) In Loving Memory
14%
Bullet for My Valentine(2004) No Control
14%
Bullet for My Valentine(Bonus)(2022) Step Out from the Inside
14%
Bullet for My Valentine(Bonus)(2021) Stitches
14%
Bullet for My Valentine(2004) Curses
10%
Temper Temper(Bonus)(2013) Not Invincible
10%
Don't Walk Away(2003) Eye Spy
5%
Jeff Killed John(2003) Misery
5%
Temper Temper(Bonus)(2013) Playing with Fire
5%
Don't Walk Away(2003) Play with Me
5%
Jeff Killed John(2003) Routine Unhappiness
5%
Don't Walk Away(2003) Bouncy Stuff
0%
Don't Walk Away(2003) Broad
0%
Don't Walk Away(2003) Hostile
0%
Jeff Killed John(2003) Nation2Nation
0%
Don't Walk Away(2003) Nation to Nation
0%
Jeff Killed John(2003) Our Song
0%
No matching quizzes found
Score Distribution
Percent of People with Each Score
Percentile by Number Answered
Your Score History
You have not taken this quiz